书目信息 |
| 题名: |
翻转脱模
|
|
| 作者: | ;天津市建筑构件公司一厂革命委员会 编写 | |
| 分册: | ||
| 出版信息: | 北京 中国建筑工业出版社 1974 |
|
| 页数: | 22页 | |
| 开本: | 20cm | |
| 丛书名: | ||
| 单 册: | ||
| 中图分类: | TU647 | |
| 科图分类: | ||
| 主题词: | 混凝土机械 | |
| 电子资源: | ||
| ISBN: | ||
| 000 | 00734nam0 2200217 450 | |
| 001 | 0632166599 | |
| 005 | 20070802092819.51 | |
| 010 | @dCNY0.07 | |
| 091 | @a15040.3173 | |
| 100 | @a20060227d1974 km y0chiy0120 ea | |
| 101 | 0 | @achi |
| 102 | @aCN@b110000 | |
| 102 | @aCN@b110000 | |
| 200 | 1 | @a翻转脱模@Afan zhuan tuo mo@f天津市建筑构件公司一厂革命委员会编写@Ftian jin shi jian zhu gou jian gong si yi chang ge ming wei yuan hui bian xie |
| 210 | @a北京@c中国建筑工业出版社@d1974 | |
| 215 | 1 | @a22页@d20cm |
| 606 | 0 | @a混凝土机械 |
| 690 | @aTU647@v4 | |
| 711 | 0 | @a天津市建筑构件公司一厂革命委员会@Atian jin shi jian zhu gou jian gong si yi chang ge ming wei yuan hui@4编写 |
| 801 | 0 | @aCN@bPFT@c20070802 |
| 905 | @a10447@dTU647@e3 | |
| 翻转脱模/天津市建筑构件公司一厂革命委员会编写.-北京:中国建筑工业出版社,1974 |
| 22页;20cm |
| ISBN :CNY0.07 |
| ● |
| 相关链接 |
|
|
|
|
正题名:翻转脱模
索取号:TU647/3
 
预约/预借
| 序号 | 登录号 | 条形码 | 馆藏地/架位号 | 状态 | 备注 |
| 1 | 0018129 | 001481694 | 密集书库/ [索取号:TU647/3] | 在馆 | |
| 2 | 0790749 | 207907498 | 密集书库/ [索取号:TU647/3] | 在馆 |